Study of the effect of certain family factors on educational aspiration and academic achievement of secondary school students (Record no. 21584)

MARC details
000 -LEADER
fixed length control field 00754nam a2200205Ia 4500
082 ## - DEWEY DECIMAL CLASSIFICATION NUMBER
Classification number TR.0130
100 ## - MAIN ENTRY--AUTHOR NAME
Personal name Rajput, Komal Singh
245 #0 - TITLE STATEMENT
Title Study of the effect of certain family factors on educational aspiration and academic achievement of secondary school students
260 ## - PUBLICATION, DISTRIBUTION, ETC. (IMPRINT)
Year of publication 1989
Name of publisher Garhwal University
300 ## - PHYSICAL DESCRIPTION
Number of Pages 293p. + C D - 51
650 ## - SUBJECT ADDED ENTRY--TOPICAL TERM
Topical Term ACHIEVEMENT, ACADEMIC//ACADEMIC ACHIEVEMENT
650 ## - SUBJECT ADDED ENTRY--TOPICAL TERM
Topical Term SCHOLASTIC SUCCESS//ACADEMIC ACHIEVEMENT
650 ## - SUBJECT ADDED ENTRY--TOPICAL TERM
Topical Term HIGH SCHOOL STUDENTS - SOCIO-ECONOMIC STATUS
650 ## - SUBJECT ADDED ENTRY--TOPICAL TERM
Topical Term STUDENT ASPIRATIONS
650 ## - SUBJECT ADDED ENTRY--TOPICAL TERM
Topical Term EDUCATIONAL ASPIRATIONS//STUDENT ASPIRATIONS
650 ## - SUBJECT ADDED ENTRY--TOPICAL TERM
Topical Term ACADEMIC ACHIEVEMENT
650 ## - SUBJECT ADDED ENTRY--TOPICAL TERM
Topical Term ASPIRATIONS, STUDENT//STUDENT ASPIRATIONS
710 ## - ADDED ENTRY--CORPORATE NAME
Corporate name or jurisdiction name as entry element Sharma, R.R.
942 ## - ADDED ENTRY ELEMENTS (KOHA)
Koha item type Thesis
Source of classification or shelving scheme Dewey Decimal Classification
Holdings
Withdrawn status Lost status Damaged status Not for loan Home library Current library Date acquired Bill Date Full call number Accession Number Price effective from Koha item type
        NASSDOC Library NASSDOC Library 08/10/2004 2004-10-22 TR.0130 30316 18/04/2019 Thesis